Código civil: edición oficial, aprobada por Decreto N§ 838, de 20 de octubre de 2004, del Ministerio de Justicia
I tiakina i:
| Hōputu: | Pukapuka |
|---|---|
| Reo: | Pāniora |
| I whakaputaina: |
Santiago
Jurídica de Chile
2005
|
| Putanga: | 16a. ed |
| Ngā marau: | |
| Ngā Tūtohu: |
Tāpirihia he Tūtohu
Kāore He Tūtohu, Me noho koe te mea tuatahi ki te tūtohu i tēnei pūkete!
|
MARC
| LEADER | 00000nam a2200000 a 4500 | ||
|---|---|---|---|
| 001 | UCK5969 | ||
| 003 | CL-VaPUC | ||
| 008 | 050902e20050000CL |||||||||||||||||spa|d | ||
| 020 | |a 9561016354 | ||
| 082 | 0 | 4 | |a 346.83 |b COD |2 21 |
| 245 | 1 | 0 | |a Código civil: edición oficial, aprobada por Decreto N§ 838, de 20 de octubre de 2004, del Ministerio de Justicia |
| 250 | |a 16a. ed | ||
| 300 | |a 1179 p | ||
| 942 | |c BK | ||
| 945 | |d 20050902 00:00:00 |a cmena | ||
| 260 | |a Santiago |b Jurídica de Chile |c 2005 | ||
| 500 | |a Apéndice actualizado a julio de 2005 | ||
| 650 | 0 | |a Código civil chileno |9 255931 | |
| 650 | 0 | |a Bienes |9 255749 | |
| 650 | 0 | |a Contratos |9 255153 | |
| 650 | 0 | |a Derecho sucesorio |9 255015 | |
| 650 | 0 | |a Obligaciones |9 255578 | |
| 650 | 0 | |a Posesión |9 258681 | |
| 583 | |a last modification |c 20050902 00:00:00 |k Rodrigo Vera | ||
| 999 | |c 314381 |d 314379 | ||
| 952 | |0 0 |1 0 |2 ddc |4 0 |6 346_830000000000000_COD_2005 |7 0 |8 FOND_LRYV |9 386548 |a BIBDER |b BIBDER |d 2019-11-22 |i 4197097 |o 346.83 COD 2005 |p 4197097 |r 2023-01-25 |w 2019-11-22 |y BK_X |k DER | ||
| 952 | |0 0 |1 0 |4 0 |6 346_830000000000000_COD_2005 |7 0 |8 A |9 386550 |a BIBDER |b BIBDER |d 2019-11-22 |i 421997K |o 346.83 COD 2005 |p 421997K |r 2023-01-25 |w 2019-11-22 |y BK |k DER | ||